000 00501ntaaa2200193 4500
003 01
005 20251027203021.0
008 0714s1973 ag 01
020 _a9505380732
040 _aAR-BaBN
_bspa
_cAR-BaBN
_eaacr
_dRIC
082 _a463.0000 G16d
245 _aDiccionario práctico Larousse
250 _a1 ed.
260 _aBuenos Aires :
_bLarousse,
_c1983
300 _a634 p ;
_c18,5 cm
650 _aespañol-diccionario
700 _aGarcia-Pelayo y Gross, Ramón
_926471
942 _cBK
999 _c25590
_d25590